Central Library OPAC University of Rajshahi

Executive skills : (Record no. 16213)

MARC details
000 -LEADER
fixed length control field 00948cam a22002891 4500
001 - CONTROL NUMBER
control field 16213
003 - CONTROL NUMBER IDENTIFIER
rucl marc code BD-RjUL
005 - DATE AND TIME OF LATEST TRANSACTION
control field 20211208235958.0
008 - FIXED-LENGTH DATA ELEMENTS--GENERAL INFORMATION
fixed length control field 140211s1962 njua b 001 0 eng d
035 ## - SYSTEM CONTROL NUMBER
System control number (BD-RjUL)16268
System control number (OCoLC)557978
040 ## - CATALOGING SOURCE
Original cataloging agency DLC
Transcribing agency OClU
Modifying agency OCoLC
-- DLC
-- BD-RjUL
Language of cataloging eng
041 ## - LANGUAGE CODE
Language code of text/sound track or separate title eng
082 00 - DEWEY DECIMAL CLASSIFICATION NUMBER
Classification number 658
Author mark and year BEE 1962
100 1# - MAIN ENTRY--PERSONAL NAME
Personal name Bellows, Roger M.
9 (RLIN) 48366
245 10 - TITLE STATEMENT
Title Executive skills :
Remainder of title their dynamics and development /
Statement of responsibility, etc. by Roger Bellows, Thomas Q. Gilson and George S. Odiorne.
260 ## - PUBLICATION, DISTRIBUTION, ETC. (IMPRINT)
Place of publication, distribution, etc. Englewood Cliffs, N.J. :
Name of publisher, distributor, etc. Prentice-Hall,
Date of publication, distribution, etc. 1962.
300 ## - PHYSICAL DESCRIPTION
Pagination 344 p. :
Illustrations ill. ;
Size 24 cm.
490 0# - SERIES STATEMENT
Series statement Prentice-Hall industrial relations and personnel series
504 ## - BIBLIOGRAPHY, ETC. NOTE
Bibliography, etc Includes bibliography and Index
650 #0 - SUBJECT ADDED ENTRY--TOPICAL TERM
Topical term or geographic name as entry element Executive ability.
9 (RLIN) 49890
Topical term or geographic name as entry element Executives.
9 (RLIN) 50156
700 1# - ADDED ENTRY--PERSONAL NAME
Personal name Gilson Thomas Q.
Personal name Odiorne. George S.
942 ## - ADDED ENTRY ELEMENTS (KOHA)
Source of classification or shelving scheme Dewey Decimal Classification
Koha item type Books
Holdings
Lost status Source of classification or shelving scheme Damaged status Not for loan Collection code Permanent Location Current Location Shelving location Date acquired Source of acquisition Cost, normal purchase price Total Checkouts Full call number Date last seen Copy number Koha item type
  Dewey Decimal Classification   Not For Loan Non-fiction Central Library, University of Rajshahi Central Library, University of Rajshahi Reading Room 31/03/1970 Zeithlinger. 43.00   658 BEE 1962 11/02/2014 C-1 Books
  Dewey Decimal Classification     Non-fiction Central Library, University of Rajshahi Central Library, University of Rajshahi     Zeitlinger 93.00   658 BEE 1962 06/10/2016 C-2 Books
  Dewey Decimal Classification     Non-fiction Central Library, University of Rajshahi Central Library, University of Rajshahi   08/06/1970 Zeitlinger 93.00   658 BEE 1962 04/08/2019 C-3 Books
  Dewey Decimal Classification     Non-fiction Central Library, University of Rajshahi Central Library, University of Rajshahi   08/06/1970 Zeitlinger 93.00   658 BEE 1962 04/08/2019 C-4 Books